[Event "European Youth Chess Championship G14"]
[Site "Prague, Top Hotel Prague"]
[Date "2012.08.18"]
[Round "2.1"]
[White "Maslova, Polina"]
[Black "Schnegg, Anna-Lena"]
[Result "1/2-1/2"]
[PlyCount "0"]
[BlackElo "2088"]
[WhiteElo "1867"]

1. e4 {[%clk 1:30:58]} e5 {[%clk 1:30:47]} 2. Nf3 {[%clk 1:31:23]} Nc6
{[%clk 1:31:04]} 3. Bb5 {[%clk 1:31:47]} a6 {[%clk 1:31:26]} 4. Ba4
{[%clk 1:32:12]} Nf6 {[%clk 1:31:45]} 5. O-O {[%clk 1:32:25]} Be7
{[%clk 1:32:04]} 6. Re1 {[%clk 1:32:42]} b5 {[%clk 1:32:26]} 7. Bb3
{[%clk 1:33:07]} d6 {[%clk 1:32:09]} 8. c3 {[%clk 1:33:28]} O-O {[%clk 1:32:30]}
9. d3 {[%clk 1:33:53]} Na5 {[%clk 1:29:37]} 10. Bc2 {[%clk 1:34:15]} c5
{[%clk 1:29:16]} 11. Nbd2 {[%clk 1:34:29]} Qc7 {[%clk 1:25:51]} 12. Nf1
{[%clk 1:33:51]} Re8 {[%clk 1:20:45]} 13. h3 {[%clk 1:13:32]} Nc6
{[%clk 1:13:57]} 14. Bg5 {[%clk 1:02:29]} h6 {[%clk 1:07:16]} 15. Bxf6
{[%clk 1:02:10]} Bxf6 {[%clk 1:06:48]} 16. Ne3 {[%clk 1:02:27]} g6
{[%clk 1:00:38]} 17. Nd5 {[%clk 0:55:36]} Qd8 {[%clk 1:00:59]} 18. a4
{[%clk 0:55:10]} Bb7 {[%clk 0:53:07]} 19. axb5 {[%clk 0:28:12]} axb5
{[%clk 0:52:30]} 20. Qd2 {[%clk 0:26:38]} Bg7 {[%clk 0:46:59]} 21. Rxa8
{[%clk 0:23:08]} Bxa8 {[%clk 0:45:34]} 22. Ra1 {[%clk 0:23:24]} Bb7
{[%clk 0:31:34]} 23. Nh2 {[%clk 0:20:24]} Kh7 {[%clk 0:25:03]} 24. Bd1
{[%clk 0:13:28]} f5 {[%clk 0:19:26]} 25. Qc2 {[%clk 0:11:28]} Ne7
{[%clk 0:15:52]} 26. Nxe7 {[%clk 0:10:27]} Qxe7 {[%clk 0:16:07]} 27. Bf3
{[%clk 0:09:18]} f4 {[%clk 0:12:42]} 28. Qb3 {[%clk 0:08:27]} Bc6
{[%clk 0:11:57]} 29. Ra6 {[%clk 0:08:12]} Qb7 {[%clk 0:12:03]} 30. Qa2
{[%clk 0:07:08]} Ra8 {[%clk 0:10:46]} 31. Rxa8 {[%clk 0:07:10]} Qxa8
{[%clk 0:11:10]} 32. Qxa8 {[%clk 0:05:49]} Bxa8 {[%clk 0:11:35]} 33. c4
{[%clk 0:04:21]} Bc6 {[%clk 0:07:53]} 34. Nf1 {[%clk 0:02:26]} Bf6
{[%clk 0:05:49]} 35. Nd2 {[%clk 0:01:42]} Bd8 {[%clk 0:05:13]} 36. Kf1
{[%clk 0:01:10]} Kg7 {[%clk 0:02:22]} 37. Ke2 {[%clk 0:00:52]} b4
{[%clk 0:00:57]} 38. b3 {[%clk 0:00:48]} Bd7 {[%clk 0:01:19]} 39. Nf1
{[%clk 0:00:59]} Be8 {[%clk 0:00:52]} 40. Nh2 {[%clk 0:30:48]} h5
{[%clk 0:30:40]} 41. Kf1 {[%clk 0:30:01]} Kh6 {[%clk 0:27:32]} 42. Be2
{[%clk 0:29:25]} g5 {[%clk 0:25:22]} 1/2-1/2

[Event "European Youth Chess Championship G14"]
[Site "Prague, Top Hotel Prague"]
[Date "2012.08.18"]
[Round "2.2"]
[White "Haussernot, Cecile"]
[Black "Shapar, Tatiana"]
[Result "1/2-1/2"]
[PlyCount "0"]
[BlackElo "1845"]
[WhiteElo "2074"]

1. e4 {[%clk 1:30:58]} c5 {[%clk 1:30:51]} 2. Nc3 {[%clk 1:31:24]} Nc6
{[%clk 1:31:07]} 3. Nf3 {[%clk 1:31:49]} d6 {[%clk 1:29:06]} 4. d4
{[%clk 1:31:59]} cxd4 {[%clk 1:28:54]} 5. Nxd4 {[%clk 1:32:24]} Nf6
{[%clk 1:27:54]} 6. h3 {[%clk 1:32:41]} e6 {[%clk 1:24:47]} 7. g4
{[%clk 1:32:54]} d5 {[%clk 1:14:18]} 8. Bb5 {[%clk 1:16:01]} Bd7 {[%clk 1:12:47]}
9. exd5 {[%clk 1:08:21]} Nxd4 {[%clk 1:06:36]} 10. Bxd7+ {[%clk 0:52:28]} Qxd7
{[%clk 1:06:47]} 11. Qxd4 {[%clk 0:52:47]} b6 {[%clk 0:55:05]} 12. Bg5
{[%clk 0:50:09]} Nxd5 {[%clk 0:50:57]} 13. O-O-O {[%clk 0:50:15]} f6
{[%clk 0:46:42]} 14. Qe4 {[%clk 0:46:13]} Kf7 {[%clk 0:35:26]} 15. Nxd5
{[%clk 0:43:01]} exd5 {[%clk 0:35:31]} 16. Rxd5 {[%clk 0:43:19]} Qe6
{[%clk 0:34:42]} 17. Qc4 {[%clk 0:41:10]} Rc8 {[%clk 0:26:57]} 18. Qb3
{[%clk 0:38:21]} fxg5 {[%clk 0:26:23]} 19. Rf5+ {[%clk 0:38:19]} Ke7
{[%clk 0:26:34]} 20. Qb4+ {[%clk 0:35:06]} Kd7 {[%clk 0:18:26]} 21. Qa4+
{[%clk 0:33:25]} Qc6 {[%clk 0:13:16]} 22. Qxa7+ {[%clk 0:22:02]} Rc7
{[%clk 0:09:18]} 23. Rd1+ {[%clk 0:19:34]} Bd6 {[%clk 0:07:34]} 24. Rf7+
{[%clk 0:19:44]} Kc8 {[%clk 0:07:21]} 25. Rxc7+ {[%clk 0:17:16]} Bxc7
{[%clk 0:07:06]} 26. Qa6+ {[%clk 0:08:03]} Kb8 {[%clk 0:06:24]} 27. a4
{[%clk 0:07:35]} Rc8 {[%clk 0:05:13]} 28. Kb1 {[%clk 0:07:18]} Bf4
{[%clk 0:03:58]} 29. c3 {[%clk 0:06:27]} Qe4+ {[%clk 0:03:25]} 30. Ka1
{[%clk 0:06:47]} Qb7 {[%clk 0:03:33]} 31. Qb5 {[%clk 0:06:57]} Rc5
{[%clk 0:02:26]} 32. Qe8+ {[%clk 0:06:16]} Ka7 {[%clk 0:02:38]} 33. Rd7
{[%clk 0:06:19]} Rc7 {[%clk 0:02:42]} 34. Rd1 {[%clk 0:06:39]} Qc6
{[%clk 0:02:53]} 35. Qd8 {[%clk 0:05:28]} Qxa4+ {[%clk 0:02:50]} 36. Kb1
{[%clk 0:05:51]} Qe4+ {[%clk 0:02:18]} 37. Ka2 {[%clk 0:05:50]} Qe7
{[%clk 0:01:42]} 38. Qd3 {[%clk 0:05:54]} Kb8 {[%clk 0:01:24]} 39. Qxh7
{[%clk 0:05:21]} Qe2 {[%clk 0:01:01]} 40. Rd8+ {[%clk 0:34:31]} Kb7
{[%clk 0:31:21]} 41. Qf5 {[%clk 0:34:15]} Qc4+ {[%clk 0:25:35]} 42. Kb1
{[%clk 0:33:37]} Rf7 {[%clk 0:25:20]} 43. Rd7+ {[%clk 0:32:00]} Rxd7
{[%clk 0:24:35]} 44. Qxd7+ {[%clk 0:32:28]} Qc7 {[%clk 0:24:36]} 45. Qd5+
{[%clk 0:32:54]} Qc6 {[%clk 0:24:54]} 46. Qf7+ {[%clk 0:33:21]} Qc7
{[%clk 0:24:49]} 47. Qd5+ {[%clk 0:33:45]} Qc6 {[%clk 0:18:03]} 48. Qf7+
{[%clk 0:34:08]} Kc8 {[%clk 0:19:53]} 49. Qf8+ {[%clk 0:34:18]} Kc7
{[%clk 0:20:01]} 50. Qxg7+ {[%clk 0:34:32]} Qd7 {[%clk 0:20:20]} 51. Qg8
{[%clk 0:34:39]} Qd1+ {[%clk 0:19:30]} 52. Ka2 {[%clk 0:35:04]} Qa4+
{[%clk 0:19:04]} 53. Kb1 {[%clk 0:35:28]} Qe4+ {[%clk 0:19:16]} 54. Ka2
{[%clk 0:35:51]} b5 {[%clk 0:17:49]} 55. Qf7+ {[%clk 0:35:41]} Kc6
{[%clk 0:17:24]} 56. Qf8 {[%clk 0:35:01]} Qc4+ {[%clk 0:16:10]} 57. Ka1
{[%clk 0:34:27]} Qf1+ {[%clk 0:16:11]} 58. Ka2 {[%clk 0:34:50]} Qxf2
{[%clk 0:15:25]} 59. Qf6+ {[%clk 0:34:33]} Kc5 {[%clk 0:14:54]} 60. Qf5+
{[%clk 0:33:31]} Kb6 {[%clk 0:12:15]} 61. Qf6+ {[%clk 0:33:39]} Kb7
{[%clk 0:10:06]} 62. Qf7+ {[%clk 0:34:04]} Ka6 {[%clk 0:10:25]} 63. Qf6+
{[%clk 0:33:32]} Qb6 {[%clk 0:10:43]} 64. Qf7 {[%clk 0:33:37]} Qc6
{[%clk 0:10:45]} 65. Qf5 {[%clk 0:33:33]} Qc4+ {[%clk 0:07:21]} 66. Kb1
{[%clk 0:33:51]} Qf1+ {[%clk 0:07:44]} 67. Ka2 {[%clk 0:34:03]} Qxh3
{[%clk 0:07:55]} 68. Qe6+ {[%clk 0:34:13]} Kb7 {[%clk 0:07:54]} 69. Qd7+
{[%clk 0:34:31]} Kb6 {[%clk 0:08:15]} 70. Qe6+ {[%clk 0:34:54]} Kc7
{[%clk 0:07:00]} 71. Qe7+ {[%clk 0:35:15]} Kc6 {[%clk 0:07:13]} 72. Qe6+
{[%clk 0:35:23]} Kc7 {[%clk 0:06:04]} 1/2-1/2

[Event "European Youth Chess Championship G14"]
[Site "Prague, Top Hotel Prague"]
[Date "2012.08.18"]
[Round "2.3"]
[White "Mokshanova, Elizaveta"]
[Black "Rodionova, Daria"]
[Result "0-1"]
[PlyCount "0"]
[BlackElo "2074"]
[WhiteElo "1859"]

1. c4 {[%clk 1:30:58]} c5 {[%clk 1:30:45]} 2. Nc3 {[%clk 1:30:53]} Nc6
{[%clk 1:31:09]} 3. g3 {[%clk 1:30:56]} g6 {[%clk 1:31:07]} 4. Bg2
{[%clk 1:31:19]} Bg7 {[%clk 1:31:32]} 5. Nf3 {[%clk 1:29:29]} Nf6
{[%clk 1:29:34]} 6. O-O {[%clk 1:29:05]} O-O {[%clk 1:29:58]} 7. e3
{[%clk 1:25:58]} d5 {[%clk 1:22:19]} 8. cxd5 {[%clk 1:25:40]} Nxd5
{[%clk 1:22:24]} 9. Nxd5 {[%clk 1:25:30]} Qxd5 {[%clk 1:22:48]} 10. d4
{[%clk 1:18:01]} Rd8 {[%clk 1:17:39]} 11. Bd2 {[%clk 1:02:25]} Qh5
{[%clk 1:17:09]} 12. Qc1 {[%clk 0:49:59]} Bg4 {[%clk 1:15:41]} 13. Ne5
{[%clk 0:50:02]} Bxe5 {[%clk 1:14:58]} 14. dxe5 {[%clk 0:50:23]} Nxe5
{[%clk 1:14:37]} 15. f4 {[%clk 0:50:30]} Nd3 {[%clk 1:12:52]} 16. Qc3
{[%clk 0:50:08]} Be2 {[%clk 1:11:02]} 17. e4 {[%clk 0:45:36]} e5 {[%clk 0:56:39]}
18. f5 {[%clk 0:44:35]} g5 {[%clk 0:55:50]} 19. f6 {[%clk 0:44:24]} h6
{[%clk 0:54:40]} 20. Rf5 {[%clk 0:42:04]} Rd6 {[%clk 0:50:29]} 21. Be3
{[%clk 0:33:40]} Rad8 {[%clk 0:49:57]} 22. h3 {[%clk 0:26:04]} b6
{[%clk 0:47:16]} 23. a3 {[%clk 0:19:32]} a5 {[%clk 0:41:58]} 24. Qc2
{[%clk 0:14:47]} Kh7 {[%clk 0:38:13]} 25. b3 {[%clk 0:03:59]} R8d7
{[%clk 0:33:46]} 26. g4 {[%clk 0:00:52]} Bxg4 {[%clk 0:34:07]} 27. hxg4
{[%clk 0:01:17]} Qxg4 {[%clk 0:34:33]} 28. Qd1 {[%clk 0:01:19]} Nf2
{[%clk 0:32:20]} 29. Qxg4 {[%clk 0:00:44]} Nxg4 {[%clk 0:32:47]} 30. Bf2
{[%clk 0:00:49]} Rd3 {[%clk 0:30:18]} 31. Rb1 {[%clk 0:00:51]} Kg6
{[%clk 0:29:19]} 32. Bf3 {[%clk 0:00:46]} Nxf2 {[%clk 0:27:44]} 33. Kxf2
{[%clk 0:01:11]} Rd2+ {[%clk 0:27:44]} 34. Be2 {[%clk 0:01:06]} Ra2
{[%clk 0:25:53]} 35. Rxe5 {[%clk 0:00:54]} Rdd2 {[%clk 0:25:47]} 36. Re1
{[%clk 0:01:17]} Rxa3 {[%clk 0:25:35]} 37. Ke3 {[%clk 0:01:26]} Rd4
{[%clk 0:25:44]} 38. Rb1 {[%clk 0:01:34]} a4 {[%clk 0:25:33]} 39. Bd1
{[%clk 0:00:38]} Rb4 {[%clk 0:24:56]} 40. Rd5 {[%clk 0:31:04]} axb3
{[%clk 0:54:23]} 41. e5 {[%clk 0:30:28]} Rh4 {[%clk 0:52:53]} 42. Kd2
{[%clk 0:27:27]} Rh2+ {[%clk 0:51:54]} 43. Kc1 {[%clk 0:27:32]} c4
{[%clk 0:51:18]} 44. Rb5 {[%clk 0:27:38]} Ra5 {[%clk 0:49:11]} 45. Rxb6
{[%clk 0:27:14]} Rxe5 {[%clk 0:49:35]} 46. Rc6 {[%clk 0:27:24]} Re4
{[%clk 0:49:36]} 47. Bf3 {[%clk 0:26:51]} Re1+ {[%clk 0:49:41]} 48. Bd1
{[%clk 0:27:00]} b2+ {[%clk 0:50:07]} 49. Rxb2 {[%clk 0:27:25]} Rxb2
{[%clk 0:50:31]} 50. Kxb2 {[%clk 0:27:29]} Rxd1 {[%clk 0:50:58]} 51. Kc3
{[%clk 0:27:47]} g4 {[%clk 0:51:20]} 52. Kc2 {[%clk 0:28:03]} Rd4
{[%clk 0:51:41]} 53. Kc3 {[%clk 0:28:28]} Rf4 {[%clk 0:52:06]} 54. Kd2
{[%clk 0:28:49]} Re4 {[%clk 0:52:12]} 55. Ra6 {[%clk 0:29:00]} h5
{[%clk 0:52:34]} 56. Ra5 {[%clk 0:29:20]} h4 {[%clk 0:52:55]} 0-1

[Event "European Youth Chess Championship G14"]
[Site "Prague, Top Hotel Prague"]
[Date "2012.08.18"]
[Round "2.4"]
[White "Dordzhieva, Dinara"]
[Black "Rakic, Teodora"]
[Result "1-0"]
[PlyCount "0"]
[BlackElo "1832"]
[WhiteElo "2055"]

1. e4 {[%clk 1:30:57]} c6 {[%clk 1:30:52]} 2. d4 {[%clk 1:31:23]} d5
{[%clk 1:31:17]} 3. f3 {[%clk 1:31:48]} e6 {[%clk 1:31:26]} 4. Be3
{[%clk 1:32:13]} Nf6 {[%clk 1:31:11]} 5. e5 {[%clk 1:32:17]} Nfd7
{[%clk 1:31:22]} 6. f4 {[%clk 1:32:42]} c5 {[%clk 1:30:22]} 7. c3
{[%clk 1:33:00]} Nc6 {[%clk 1:29:06]} 8. Nf3 {[%clk 1:33:09]} cxd4
{[%clk 1:19:27]} 9. cxd4 {[%clk 1:29:31]} Bb4+ {[%clk 1:19:10]} 10. Nbd2
{[%clk 1:27:11]} Qb6 {[%clk 1:15:40]} 11. a3 {[%clk 1:26:56]} Bxd2+
{[%clk 1:10:15]} 12. Qxd2 {[%clk 1:27:13]} Na5 {[%clk 1:02:31]} 13. Qc2
{[%clk 1:18:28]} Qb3 {[%clk 0:51:51]} 14. Qxb3 {[%clk 1:10:55]} Nxb3
{[%clk 0:52:09]} 15. Rd1 {[%clk 1:11:22]} Nb6 {[%clk 0:35:41]} 16. Rd3
{[%clk 1:04:01]} Na5 {[%clk 0:35:57]} 17. b3 {[%clk 1:04:16]} Bd7
{[%clk 0:34:30]} 18. Bd2 {[%clk 1:02:31]} Nc6 {[%clk 0:33:47]} 19. Rc3
{[%clk 0:56:05]} O-O {[%clk 0:25:37]} 20. Bd3 {[%clk 0:52:29]} Rfc8
{[%clk 0:21:16]} 21. Ke2 {[%clk 0:51:16]} Nd8 {[%clk 0:18:41]} 22. a4
{[%clk 0:46:03]} Rxc3 {[%clk 0:14:25]} 23. Bxc3 {[%clk 0:46:30]} Nc8
{[%clk 0:13:38]} 24. Bb4 {[%clk 0:43:55]} Nc6 {[%clk 0:11:17]} 25. Ba3
{[%clk 0:44:03]} a6 {[%clk 0:10:52]} 26. Rc1 {[%clk 0:40:10]} N8a7
{[%clk 0:07:08]} 27. Ke3 {[%clk 0:26:18]} b5 {[%clk 0:05:27]} 28. axb5
{[%clk 0:26:18]} axb5 {[%clk 0:05:55]} 29. Bc5 {[%clk 0:26:20]} Rc8
{[%clk 0:04:16]} 30. Ra1 {[%clk 0:24:17]} Rc7 {[%clk 0:03:46]} 31. b4
{[%clk 0:21:40]} h6 {[%clk 0:01:56]} 32. Nd2 {[%clk 0:21:50]} f5 {[%clk 0:01:16]}
33. Nb3 {[%clk 0:13:56]} Rb7 {[%clk 0:01:37]} 34. Bd6 {[%clk 0:13:37]} Kf7
{[%clk 0:01:05]} 35. Nc5 {[%clk 0:13:49]} Bc8 {[%clk 0:01:21]} 36. Nxb7
{[%clk 0:14:02]} Bxb7 {[%clk 0:01:51]} 37. Bc5 {[%clk 0:14:05]} 1-0

[Event "European Youth Chess Championship G14"]
[Site "Prague, Top Hotel Prague"]
[Date "2012.08.18"]
[Round "2.5"]
[White "Sucikova, Svetlana"]
[Black "Kisteneva, Liza"]
[Result "0-1"]
[PlyCount "0"]
[BlackElo "2040"]
[WhiteElo "1843"]

1. c4 {[%clk 1:30:49]} c6 {[%clk 1:30:48]} 2. Nf3 {[%clk 1:30:59]} Nf6
{[%clk 1:30:40]} 3. e3 {[%clk 1:30:32]} d5 {[%clk 1:30:19]} 4. d4
{[%clk 1:29:22]} Bg4 {[%clk 1:27:49]} 5. Nc3 {[%clk 1:26:51]} e6 {[%clk 1:27:46]}
6. Be2 {[%clk 1:25:29]} Nbd7 {[%clk 1:26:59]} 7. O-O {[%clk 1:23:07]} Bd6
{[%clk 1:25:56]} 8. c5 {[%clk 1:19:51]} Bc7 {[%clk 1:23:55]} 9. Nd2
{[%clk 1:18:17]} Bxe2 {[%clk 1:20:28]} 10. Qxe2 {[%clk 1:18:29]} O-O
{[%clk 1:16:53]} 11. f4 {[%clk 1:15:09]} b6 {[%clk 1:13:16]} 12. cxb6
{[%clk 1:11:24]} axb6 {[%clk 1:08:11]} 13. a3 {[%clk 1:05:29]} Qe7
{[%clk 0:59:18]} 14. Nf3 {[%clk 1:00:43]} c5 {[%clk 0:56:33]} 15. Nb5
{[%clk 0:50:18]} Bb8 {[%clk 0:56:36]} 16. Bd2 {[%clk 0:50:28]} Ne4
{[%clk 0:54:08]} 17. Rac1 {[%clk 0:47:54]} Nxd2 {[%clk 0:43:22]} 18. Nxd2
{[%clk 0:41:12]} c4 {[%clk 0:37:03]} 19. Nf3 {[%clk 0:32:23]} Ra5
{[%clk 0:35:45]} 20. Nc3 {[%clk 0:32:25]} Bc7 {[%clk 0:31:58]} 21. Ne5
{[%clk 0:28:10]} Nxe5 {[%clk 0:28:06]} 22. fxe5 {[%clk 0:28:12]} f6
{[%clk 0:28:05]} 23. exf6 {[%clk 0:27:17]} gxf6 {[%clk 0:25:23]} 24. e4
{[%clk 0:23:24]} Qd6 {[%clk 0:24:10]} 25. e5 {[%clk 0:22:57]} fxe5
{[%clk 0:21:16]} 26. Qg4+ {[%clk 0:21:56]} Kh8 {[%clk 0:21:25]} 27. Rxf8+
{[%clk 0:19:59]} Qxf8 {[%clk 0:21:51]} 28. Qxe6 {[%clk 0:20:22]} exd4
{[%clk 0:19:39]} 29. Nxd5 {[%clk 0:17:40]} Bd6 {[%clk 0:06:48]} 30. Rxc4
{[%clk 0:10:50]} Ra8 {[%clk 0:06:57]} 31. Qe4 {[%clk 0:06:22]} Re8
{[%clk 0:04:38]} 32. Qxd4+ {[%clk 0:06:02]} Be5 {[%clk 0:05:06]} 33. Qd2
{[%clk 0:05:29]} Qd6 {[%clk 0:05:16]} 34. Rc1 {[%clk 0:04:46]} Rd8
{[%clk 0:04:51]} 35. Rd1 {[%clk 0:05:06]} Bxh2+ {[%clk 0:05:05]} 36. Kh1
{[%clk 0:05:24]} Bf4 {[%clk 0:05:06]} 37. Qd4+ {[%clk 0:04:43]} Be5
{[%clk 0:05:30]} 38. Qd2 {[%clk 0:04:54]} Qe6 {[%clk 0:04:00]} 39. b3
{[%clk 0:04:21]} Qf7 {[%clk 0:03:00]} 40. Kg1 {[%clk 0:31:59]} Qh5
{[%clk 0:33:16]} 41. Kf2 {[%clk 0:16:07]} Qh4+ {[%clk 0:28:39]} 42. Kf3
{[%clk 0:11:59]} Qg3+ {[%clk 0:23:06]} 43. Ke4 {[%clk 0:12:06]} Re8
{[%clk 0:23:08]} 44. Ne7 {[%clk 0:07:29]} Bf6 {[%clk 0:23:15]} 45. Kf5
{[%clk 0:05:58]} Rxe7 {[%clk 0:22:47]} 46. Qh6 {[%clk 0:03:42]} Qe5+
{[%clk 0:21:56]} 47. Kg4 {[%clk 0:04:07]} Rg7+ {[%clk 0:22:04]} 48. Kf3
{[%clk 0:04:27]} Bg5 {[%clk 0:20:34]} 49. Qxb6 {[%clk 0:03:46]} Rf7+
{[%clk 0:20:49]} 50. Kg4 {[%clk 0:04:11]} Qf4+ {[%clk 0:20:50]} 0-1

[Event "European Youth Chess Championship G14"]
[Site "Prague, Top Hotel Prague"]
[Date "2012.08.18"]
[Round "2.6"]
[White "Egorova, Ayyyna"]
[Black "Khomeriki, Nino"]
[Result "1-0"]
[PlyCount "0"]
[BlackElo "2030"]
[WhiteElo "1833"]

1. e4 {[%clk 1:30:56]} e5 {[%clk 1:30:49]} 2. Nf3 {[%clk 1:30:49]} Nc6
{[%clk 1:31:01]} 3. Bc4 {[%clk 1:30:22]} Nf6 {[%clk 1:31:13]} 4. Ng5
{[%clk 1:28:52]} d5 {[%clk 1:31:11]} 5. exd5 {[%clk 1:29:03]} Na5
{[%clk 1:31:09]} 6. Bb5+ {[%clk 1:28:46]} c6 {[%clk 1:31:07]} 7. dxc6
{[%clk 1:28:55]} bxc6 {[%clk 1:31:34]} 8. Be2 {[%clk 1:29:10]} h6
{[%clk 1:31:37]} 9. Nf3 {[%clk 1:29:32]} e4 {[%clk 1:31:45]} 10. Ne5
{[%clk 1:29:13]} Bc5 {[%clk 1:31:40]} 11. c3 {[%clk 1:26:47]} Qc7
{[%clk 1:30:28]} 12. d4 {[%clk 1:25:11]} exd3 {[%clk 1:30:20]} 13. Nxd3
{[%clk 1:25:21]} Bd6 {[%clk 1:30:25]} 14. h3 {[%clk 1:22:30]} O-O
{[%clk 1:29:59]} 15. Nd2 {[%clk 1:22:03]} Re8 {[%clk 1:28:20]} 16. b4
{[%clk 1:20:41]} Nd5 {[%clk 1:08:13]} 17. Bb2 {[%clk 1:19:16]} Bf5
{[%clk 0:49:14]} 18. O-O {[%clk 1:17:14]} Nb7 {[%clk 0:48:34]} 19. Nf3
{[%clk 1:09:25]} Qd7 {[%clk 0:35:47]} 20. Re1 {[%clk 0:54:00]} Rad8
{[%clk 0:34:35]} 21. Bf1 {[%clk 0:51:51]} Be4 {[%clk 0:32:50]} 22. a3
{[%clk 0:46:05]} Nb6 {[%clk 0:31:52]} 23. Nd4 {[%clk 0:28:31]} Nc4
{[%clk 0:20:15]} 24. Qc2 {[%clk 0:25:13]} Bb8 {[%clk 0:16:39]} 25. Rxe4
{[%clk 0:22:36]} Rxe4 {[%clk 0:16:44]} 26. Nc5 {[%clk 0:22:45]} Qc7
{[%clk 0:06:50]} 27. g3 {[%clk 0:21:43]} Nxc5 {[%clk 0:04:18]} 28. Bxc4
{[%clk 0:21:12]} Rexd4 {[%clk 0:02:16]} 29. cxd4 {[%clk 0:21:07]} Nb7
{[%clk 0:01:49]} 30. Qc3 {[%clk 0:19:57]} Kh8 {[%clk 0:00:56]} 31. d5
{[%clk 0:18:02]} f6 {[%clk 0:01:25]} 32. Qf3 {[%clk 0:16:42]} c5 {[%clk 0:00:41]}
33. Bd3 {[%clk 0:14:10]} Nd6 {[%clk 0:00:38]} 34. bxc5 {[%clk 0:14:13]} Qxc5
{[%clk 0:00:54]} 35. Qh5 {[%clk 0:10:58]} Ne8 {[%clk 0:00:41]} 36. Qg6
{[%clk 0:10:30]} Kg8 {[%clk 0:01:10]} 37. Rc1 {[%clk 0:10:00]} Qe7
{[%clk 0:00:56]} 38. Qh7+ {[%clk 0:09:12]} Kf8 {[%clk 0:01:25]} 39. Bg6
{[%clk 0:09:28]} Qe2 {[%clk 0:01:00]} 40. Bc3 {[%clk 0:39:40]} Bxg3
{[%clk 0:30:35]} 41. Bb4+ {[%clk 0:39:01]} Bd6 {[%clk 0:30:06]} 42. Bxd6+
{[%clk 0:38:16]} Rxd6 {[%clk 0:30:31]} 43. Qh8+ {[%clk 0:38:40]} 1-0

[Event "European Youth Chess Championship G14"]
[Site "Prague, Top Hotel Prague"]
[Date "2012.08.18"]
[Round "2.7"]
[White "Paramzina, Anastasya"]
[Black "Bulmaga, Elena"]
[Result "1/2-1/2"]
[PlyCount "0"]
[BlackElo "1809"]
[WhiteElo "2021"]

1. e4 {[%clk 1:30:57]} c6 {[%clk 1:30:54]} 2. d4 {[%clk 1:31:17]} d5
{[%clk 1:31:18]} 3. Nc3 {[%clk 1:31:41]} dxe4 {[%clk 1:31:41]} 4. Nxe4
{[%clk 1:32:05]} Bf5 {[%clk 1:32:01]} 5. Ng3 {[%clk 1:32:29]} Bg6
{[%clk 1:32:23]} 6. Nf3 {[%clk 1:32:38]} Nd7 {[%clk 1:32:22]} 7. h4
{[%clk 1:32:59]} h6 {[%clk 1:32:36]} 8. h5 {[%clk 1:33:24]} Bh7 {[%clk 1:32:58]}
9. Bd3 {[%clk 1:33:49]} Bxd3 {[%clk 1:33:16]} 10. Qxd3 {[%clk 1:34:15]} e6
{[%clk 1:33:35]} 11. Bd2 {[%clk 1:34:30]} Qc7 {[%clk 1:33:51]} 12. Ne4
{[%clk 1:32:35]} Ngf6 {[%clk 1:33:25]} 13. O-O-O {[%clk 1:32:54]} O-O-O
{[%clk 1:33:25]} 14. g3 {[%clk 1:33:09]} Nxe4 {[%clk 1:30:07]} 15. Qxe4
{[%clk 1:33:32]} Nf6 {[%clk 1:30:28]} 16. Qd3 {[%clk 1:31:38]} Bd6
{[%clk 1:26:14]} 17. c4 {[%clk 1:31:28]} Rhe8 {[%clk 1:24:43]} 18. Bc3
{[%clk 1:30:34]} Kb8 {[%clk 1:21:16]} 19. Kb1 {[%clk 1:29:15]} Ng4
{[%clk 1:14:20]} 20. Qe2 {[%clk 1:25:55]} c5 {[%clk 1:02:49]} 21. Ka1
{[%clk 1:19:49]} Ka8 {[%clk 1:02:19]} 22. Rd3 {[%clk 1:12:25]} f6
{[%clk 0:55:16]} 23. Rhd1 {[%clk 1:07:28]} e5 {[%clk 0:51:47]} 24. dxe5
{[%clk 1:02:48]} Nxe5 {[%clk 0:51:47]} 25. Re3 {[%clk 0:58:21]} Re7
{[%clk 0:49:42]} 26. Nh4 {[%clk 0:41:02]} Nc6 {[%clk 0:43:39]} 27. a3
{[%clk 0:37:32]} Rde8 {[%clk 0:41:10]} 28. Rxe7 {[%clk 0:28:37]} Rxe7
{[%clk 0:40:06]} 29. Qd2 {[%clk 0:25:46]} Be5 {[%clk 0:38:11]} 30. Bxe5
{[%clk 0:24:48]} Rxe5 {[%clk 0:37:45]} 31. f4 {[%clk 0:19:39]} Re8
{[%clk 0:37:38]} 32. Qd7 {[%clk 0:18:02]} Qxd7 {[%clk 0:37:11]} 33. Rxd7
{[%clk 0:18:27]} Re7 {[%clk 0:36:24]} 34. Rd5 {[%clk 0:18:24]} b6
{[%clk 0:35:35]} 35. Nf5 {[%clk 0:18:47]} Re1+ {[%clk 0:34:25]} 36. Ka2
{[%clk 0:19:10]} Rg1 {[%clk 0:33:31]} 37. Rd3 {[%clk 0:16:06]} Nd4
{[%clk 0:30:28]} 38. Nxd4 {[%clk 0:16:17]} cxd4 {[%clk 0:30:46]} 39. Kb3
{[%clk 0:14:06]} Kb7 {[%clk 0:30:51]} 40. Ka4 {[%clk 0:42:46]} Kc6
{[%clk 0:59:59]} 41. b4 {[%clk 0:41:48]} a6 {[%clk 1:00:06]} 42. Kb3
{[%clk 0:40:24]} Rg2 {[%clk 0:59:55]} 43. Ka4 {[%clk 0:38:00]} 1/2-1/2

[Event "European Youth Chess Championship G14"]
[Site "Prague, Top Hotel Prague"]
[Date "2012.08.18"]
[Round "2.8"]
[White "Vasova, Maria"]
[Black "Mammadova, Narmin"]
[Result "0-1"]
[PlyCount "0"]
[BlackElo "1980"]
[WhiteElo "1804"]

1. Nf3 {[%clk 1:30:54]} d5 {[%clk 1:30:48]} 2. g3 {[%clk 1:31:15]} Nf6
{[%clk 1:30:46]} 3. Bg2 {[%clk 1:31:33]} g6 {[%clk 1:30:04]} 4. d3
{[%clk 1:31:30]} Bg7 {[%clk 1:30:26]} 5. O-O {[%clk 1:30:47]} O-O
{[%clk 1:29:17]} 6. Nbd2 {[%clk 1:30:10]} Re8 {[%clk 1:26:36]} 7. e4
{[%clk 1:27:37]} e5 {[%clk 1:24:25]} 8. exd5 {[%clk 1:16:02]} Nxd5
{[%clk 1:22:51]} 9. Nc4 {[%clk 1:14:35]} Nc6 {[%clk 1:21:00]} 10. Re1
{[%clk 1:09:23]} Bf5 {[%clk 1:16:04]} 11. Rb1 {[%clk 1:02:28]} Qd7
{[%clk 1:12:51]} 12. Ne3 {[%clk 1:00:33]} Be6 {[%clk 1:06:25]} 13. a3
{[%clk 0:53:43]} Rad8 {[%clk 1:05:10]} 14. Ng5 {[%clk 0:49:42]} Nxe3
{[%clk 1:00:23]} 15. Bxe3 {[%clk 0:50:07]} Bd5 {[%clk 1:00:05]} 16. Ne4
{[%clk 0:49:41]} Qe7 {[%clk 0:46:00]} 17. Qd2 {[%clk 0:33:24]} f6
{[%clk 0:42:58]} 18. b4 {[%clk 0:26:36]} b6 {[%clk 0:33:57]} 19. b5
{[%clk 0:16:09]} Na5 {[%clk 0:33:01]} 20. Qc1 {[%clk 0:14:14]} Qe6
{[%clk 0:21:29]} 21. c4 {[%clk 0:11:53]} Ba8 {[%clk 0:19:34]} 22. Qc2
{[%clk 0:10:36]} h6 {[%clk 0:14:40]} 23. Bd2 {[%clk 0:09:11]} f5 {[%clk 0:12:39]}
24. Nc3 {[%clk 0:08:43]} Bxg2 {[%clk 0:12:48]} 25. Kxg2 {[%clk 0:09:12]} Nb7
{[%clk 0:12:12]} 26. Nd5 {[%clk 0:07:41]} Qf7 {[%clk 0:11:41]} 27. Bb4
{[%clk 0:07:15]} Rd7 {[%clk 0:10:12]} 28. Qa4 {[%clk 0:05:54]} Ra8
{[%clk 0:08:24]} 29. Qa6 {[%clk 0:02:05]} Nd8 {[%clk 0:06:03]} 30. Re2
{[%clk 0:01:31]} Ne6 {[%clk 0:03:49]} 31. Qb7 {[%clk 0:01:20]} Rad8
{[%clk 0:03:31]} 32. Bc3 {[%clk 0:00:39]} f4 {[%clk 0:02:08]} 33. f3
{[%clk 0:00:57]} fxg3 {[%clk 0:01:35]} 34. hxg3 {[%clk 0:01:25]} Rf8
{[%clk 0:01:59]} 35. Rf1 {[%clk 0:01:20]} Nc5 {[%clk 0:01:19]} 36. Qxa7
{[%clk 0:00:34]} e4 {[%clk 0:01:10]} 37. dxe4 {[%clk 0:00:45]} Bxc3
{[%clk 0:01:10]} 38. Nxc3 {[%clk 0:01:14]} Rd3 {[%clk 0:01:15]} 39. Nd5
{[%clk 0:00:40]} Rxf3 {[%clk 0:01:18]} 40. Rfe1 {[%clk 0:30:39]} Rf2+
{[%clk 0:31:26]} 41. Kg1 {[%clk 0:30:26]} Rxe2 {[%clk 0:31:35]} 42. Rxe2
{[%clk 0:30:55]} Qf1+ {[%clk 0:31:58]} 43. Kh2 {[%clk 0:31:07]} Qxe2+
{[%clk 0:32:23]} 44. Kh3 {[%clk 0:31:28]} Qf1+ {[%clk 0:32:12]} 0-1